书目信息 |
| 题名: |
完全掌握XML
|
|
| 作者: | 左伟明bz | |
| 分册: | ||
| 出版信息: | 北京 人民邮电出版社 2009.06 |
|
| 页数: | 539页 | |
| 开本: | 20cm | |
| 丛书名: | ||
| 单 册: | ||
| 中图分类: | TP312XM | |
| 科图分类: | ||
| 主题词: | 软件 | |
| 电子资源: | ||
| ISBN: | 978-7-115-19834-1 | |
| 000 | 00698nam0 2200205 450 | |
| 001 | 1150629503 | |
| 005 | 20110622140632.54 | |
| 010 | @a978-7-115-19834-1@dCNY69.00 | |
| 100 | @a20110622d2009 km y0chiy0120 ea | |
| 101 | 0 | @achi |
| 102 | @aCN@b110000 | |
| 200 | 1 | @a完全掌握XML@Awan quan zhang wo XML@e基础概念、核心技术与典型案例@f左伟明bz@Fzuo wei ming bz |
| 210 | @a北京@c人民邮电出版社@d2009.06 | |
| 215 | @a539页@d20cm@e光盘一张 | |
| 517 | 1 | @a基础概念、核心技术与典型案例@Aji chu gai nian、he xin ji shu yu dian xing an li |
| 606 | 0 | @a软件 |
| 690 | @aTP312XM@v4 | |
| 701 | 0 | @a左伟明bz@Azuo wei ming bz |
| 801 | 0 | @aCN@b大连网信软件有限公司图书馆·11@c20110622 |
| 905 | @aZUCC@dTP312XM@eZ991 | |
| 完全掌握XML:基础概念、核心技术与典型案例/左伟明bz.-北京:人民邮电出版社,2009.06 |
| 539页;20cm+光盘一张 |
| ISBN 978-7-115-19834-1:CNY69.00 |
| ● |
| 相关链接 |
|
|
|
正题名:完全掌握XML
索取号:TP312XM/Z991
 
预约/预借
| 序号 | 登录号 | 条形码 | 馆藏地/架位号 | 状态 | 备注 |
| 1 | 841987 | 208419870 | 自科二线404/404自科库 12排5列3层/ [索取号:TP312XM/Z991] | 在馆 | |
| 2 | 841988 | 208419889 | 自科库301/301自科库 56排1列4层/ [索取号:TP312XM/Z991] | 在馆 | |
| 3 | 841989 | 208419898 | 自科库301/301自科库 50排3列2层/ [索取号:TP312XM/Z991] | 在馆 |